00653nam a22002057a 45000050016000000080041000160100015000570200025000720350013000970370013001100400017001230820011001401000003001512450133001542500011002872600059002982700061003573000026004187000003004442011081606526.0110816t xxu||||| |||| 00| 0 eng d aENG-103305 a9788172088064c25.00 aEN-86838 bDBAD/PUB aDPLbEnglish a230.35  aThe mind and its mysteries :bcomplied from the divine discourses of Bhagawan Sri Sathya Sai Baba delivered during Dasara 1976  a2nd ed aPrasanthi Nilayam bSri Sathya Sai Sadhana Trustc2010 aSri Sathya Sai Sadhana TrustbPrasanthi Nilayam e515134 aiii,104p.c22cm (pbk)